00648 a2200181 4500010001400000020002300014035001300037037001800050082001300068245013400081260004900215270008500264300003300349500001900382710002200401710001700423710002600440 aENG-85833 a8131300358c695.00 aEN-69366 bD.B.Act / Pub14a338.37271 aFishes and fisheriesbconservation and sustainable developmentcedited by Rekha R. Gaonkar, R. B. Patil and Maria D. C. Rodrogues aNew DelhibAPH Publishing Corporatioonc2007 a5, Ansari Road, Darya GanjbNew Delhie110 002k011- 23274050maphbooks@vsnl.net axxviii, 282 p.b22 cm ( Hb.) aIncludes index1 aGaonkar, Rekha R.1 aPatil, R. B.1 aRodrigues, Maria D.C.